000
00202 a2200097 4500
001
49477
100
_a
Blodgett
245
_a
Readings for our time
260
_a
Boston
_b
Ginn
_c
090
_c
32008
_d
32008
942
_a
NUST-CAE
_c
M
_c
24457
999
_c
284550
_d
284550